Statystyki dla Wymień wszystkich mistrzów kategorii piórkowej KSW

Kliknij tutaj aby rozwiązać quiz!

Ogólne statystyki

  • Ten quiz został rozwiązany 8 razy
  • Średni wynik to 8 z 9

Statystyki odpowiedzi

ROKMistrz% Poprawnych
2016-2017Marcin Wrzosek
100%
2015-2016Artur Sowiński
88%
2021-2021Daniel Torres
88%
TymczasowySalahdine Parnasse
88%
2020-2021Salahdine Parnasse
88%
2021-.....Salahdine Parnasse
88%
2017-2017Kleber Koike Erbst
75%
2018-2020Mateusz Gamrot
75%
TymczasowyRobert Ruchała
75%

Rozkład punktacji

Percentyl według liczby udzielonych odpowiedzi

Procent ludzi z każdym wynikiem

Twoja historia wyników

Nie rozwiązałeś tego quizu